Top 15 Gold Medal Countries in Summer Olympics & World Map - Statistics

General Stats
  • This quiz has been taken 341 times
  • The average score is 22 of 30
Answers on the Map
Answers color-coded by a green-red scale on the quiz's map according to % correct below.
 
Answer Stats
Answer % Correct
Russia
100%
U S A
99%
China
98%
France
97%
Germany
97%
Great Britain
96%
Australia
95%
Australia
95%
Italy
93%
Japan
91%
Sweden
90%
Sweden
90%
Norway
85%
Finland
84%
Finland
84%
South Korea
81%
Soviet Union
75%
Hungary
69%
Hungary
69%
New Zealand
66%
Cuba
61%
Denmark
60%
Jamaica
58%
Switzerland
56%
DDR
55%
DDR
55%
Bulgaria
40%
Estonia
30%
Bahamas
28%
Grenada
14%
No matching quizzes found
Score Distribution
Percent of People with Each Score
Percentile by Number Answered
Your Score History
You have not taken this quiz